Metody organizacii adaptivnogo planirovanija i upravlenija v ekonomiko-proizvodstvennych sistemach

Gespeichert in:
Bibliographische Detailangaben
Format: Buch
Sprache:Russisch
Veröffentlicht: Kijev Naukova dumka 1980
Tags: Tag hinzufügen
Keine Tags, Fügen Sie das erste Tag hinzu!

MARC

LEADER 00000nam a2200000 4500
001 c141332
005 20230116075543.1
041 0 |a rus 
044 |a UA 
245 1 0 |a Metody organizacii adaptivnogo planirovanija i upravlenija v ekonomiko-proizvodstvennych sistemach 
264 1 |a Kijev  |b Naukova dumka  |c 1980 
300 |a 270 s.